000 00701nam a2200265Ia 4500
001 Para_3229
003 CHAP
008 220125s1929 xx 000 0 und d
010 _a201691
040 _cCHAP
090 _aPA FOLLETO 942
100 _aHowitt, J. E.
_956513
245 _aGrain smuts /
_c J. E. Howitt and R. E. Stone
260 _aOntario :
_b Department of Agriculture
300 _a18 p.
440 _aBull.; 349
_9166614
650 _aCereales
_x Enfermedades por hongos
_921413
901 _aPA FOLLETO 942
902 _aA
905 _a0000001929 ONTa 0000000000 00
910 _a1929
942 _cPARA
942 _cPARA
_d1
999 _c201691
_d201691